| 000 | 00902nam a2200253 i 4500 | ||
|---|---|---|---|
| 001 | bg | ||
| 100 | 1 | _aCzajkowska-Matosiuk, Katarzyna. | |
| 245 | 1 | 0 |
_aAplikacje prawnicze w pytaniach i odpowiedziach. _nT. 3 / _cKatarzyna Czajkowska-Matosiuk. |
| 250 | _a2. wyd., stan prawny 1 grudnia 2007. | ||
| 260 |
_aWarszawa : _bWydawnictwo C. H. Beck, _c2008. |
||
| 300 |
_aXIV, 479 s. ; _c24 cm. |
||
| 650 | 9 |
_aPrawo _zPolska _ystan na 2007 r. |
|
| 655 | _aPodręczniki akademickie | ||
| 015 | _aPB 7835/2008 | ||
| 020 | _a9788374838818 | ||
| 040 | _cBPK | ||
| 041 | _apol | ||
| 044 | _aPOL | ||
| 080 | _a34(438)(075.8) | ||
| 920 |
_a978-83-7483-881-8 : _czł 59 |
||
| 942 | _cKS | ||
| 008 | 080331s2008 pl f f |000 0 pol | ||
| 999 |
_c54995 _d54995 |
||
| 856 |
_uhttp://koha.tu.koszalin.pl/cgi-bin/koha/opac-detail.pl?biblionumber=54995 _yKatalog online BPK |
||